Les 20 villes de plus d'un million d'habitants les plus au Nord - Statistiques

Statistiques générales
  • Ce quiz a été pris 304 fois
  • Le résultat moyen est 6 sur 20
Statistiques - réponses
Latitude Population Réponse % Correct
55° 45′ 09″ N 13 010 112 Moscou
94%
59° 56′ 02″ N 5 601 911 Saint-Pétersbourg
82%
55° 41′ 24″ N 1 378 649 Copenhague
55%
52° 31′ N 3 596 999 Berlin
51%
52° 13′ 56″ N 1 861 599 Varsovie
50%
52° 22′ 22″ N 1 136 210 Amsterdam
45%
53° 55′ 45 N 1 995 471 Minsk
40%
53° 33′ N 1 808 846 Hambourg
35%
56° 18′ 40" N 1 226 076 Nijni Novgorod
28%
55° 47′ N 1 308 660 Kazan
23%
56° 50′ N 1 544 376 Iekaterinbourg
22%
55° 01′ 10″ N 1 633 595 Novossibirsk
19%
54° 58′ N 1 125 695 Omsk
13%
52° 28′ 59″ N 1 121 408 Birmingham
11%
53° 32′ 00″ N 1 151 635 Edmonton
10%
53° 12′ N 1 173 299 Samara
10%
58° 00′ N 1 034 002 Perm
9%
54° 44′ N 1 144 809 Oufa
7%
55° 09′ N 1 189 525 Tcheliabinsk
7%
56° 00′ N 1 187 771 Krasnoïarsk
5%
Aucun quiz correspondant
Distribution des résultats
% des personnes avec chaque résultat
Percentile par nombre de réponses
Votre historique - résultats
Vous n’avez pas pris ce quiz